header

The early childhood educator professional development grant (Record no. 119945)

MARC details
000 -LEADER
fixed length control field 01395nam a2200337 a 4500
245 04 - TITLE STATEMENT
Title The early childhood educator professional development grant
250 ## - EDITION STATEMENT
Edition statement 1st ed.
260 ## - PUBLICATION, DISTRIBUTION, ETC. (IMPRINT)
Place of publication Bingley [England] :
Name of publisher Emerald Insight,
Year of publication 2011.
300 ## - PHYSICAL DESCRIPTION
Number of Pages xii, 180 p. :
Other physical details ill. (some col.).
490 1# - SERIES STATEMENT
Series statement Advances in early education and day care,
650 #0 - SUBJECT ADDED ENTRY--TOPICAL TERM
Topical Term Early childhood educators.
Topical Term Grants-in-aid.
Topical Term Research grants.
700 1# - ADDED ENTRY--PERSONAL NAME
Personal name Sutterby, John A.
856 40 - ELECTRONIC LOCATION AND ACCESS
Uniform Resource Identifier http://site.ebrary.com/lib/rucke/Doc?id=10512341

No items available.

© 2026 Rongo University
Contact us: librarian | system librarian | Rongo university